| 000 -LEADER |
| fixed length control field |
00619nam a22001937a 4500 |
| 003 - CONTROL NUMBER IDENTIFIER |
| control field |
OSt |
| 005 - DATE AND TIME OF LATEST TRANSACTION |
| control field |
20260122200338.0 |
| 008 - FIXED-LENGTH DATA ELEMENTS--GENERAL INFORMATION |
| fixed length control field |
230606b ||||| |||| 00| 0 eng d |
| 040 ## - CATALOGING SOURCE |
| Transcribing agency |
SSBUL |
| 041 ## - LANGUAGE CODE |
| Language code of text/sound track or separate title |
Shan |
| 082 ## - DEWEY DECIMAL CLASSIFICATION NUMBER |
| Edition number |
23 |
| Classification number |
895.9191 |
| 100 0# - MAIN ENTRY--PERSONAL NAME |
| Personal name |
သႅင်ၶမ်းသႃႇ။ |
| 245 10 - TITLE STATEMENT |
| Title |
ပွတ်းယၢဝ်းၶၢဝ်းတၢင်းလႄႈ ဝွၵ်းတႆးတင်းၼမ် - The Shan Modern Poetry / |
| Statement of responsibility, etc. |
သႅင်ၶမ်းသႃႇ။ |
| 500 ## - GENERAL NOTE |
| General note |
S-SAT: Dr. Prof Sai Aung Tun |
| 650 ## - SUBJECT ADDED ENTRY--TOPICAL TERM |
| Topical term or geographic name entry element |
ဝွၵ်း |
| 942 ## - ADDED ENTRY ELEMENTS (KOHA) |
| Koha item type |
Book (Short term) |
| 100 0# - MAIN ENTRY--PERSONAL NAME |
| 9 (RLIN) |
25270 |
|
| Source of classification or shelving scheme |
|
|
| Source of classification or shelving scheme |
|